Arctic Monkeys Lyrics - Don't Sit Down 'Cause I've Moved Your Chair - Statistics

General Stats
  • This quiz has been taken 105 times
  • The average score is 96 of 123
Answer Stats
Lyrics % Correct
'cause
98%
chair
98%
Do
98%
don't
98%
down
98%
moved
98%
sit
98%
your
98%
I've
97%
a
95%
just
95%
the
94%
But
92%
in
89%
bear
87%
with
87%
into
85%
mirror,
85%
roll
84%
Break
82%
dice
82%
fight
82%
Go
82%
grizzly
82%
business
79%
Macarena
79%
on
79%
and
76%
devil's
76%
fire
74%
yeah,
74%
yeah
74%
lair
71%
Oooh,
71%
Oooh
71%
Run
71%
scissors
71%
through
69%
fighting
61%
it
61%
start
61%
well-
61%
fu
60%
Kung
60%
me
60%
chip
58%
night
58%
that's
58%
known
56%
square
56%
Find
55%
Wear
55%
roller
53%
skates
53%
how
52%
Bite
50%
hole
50%
shell
50%
tastes
50%
tell
50%
lightning
48%
circular
47%
bonfire
45%
suit
45%
Fill
44%
man
44%
pan
44%
hard
35%
peg
26%
No matching quizzes found
Score Distribution
Percent of People with Each Score
Percentile by Number Answered
Your Score History
You have not taken this quiz